000 002440000a22000970004500
100 1 _aGuerrero, Jorge
245 1 0 _a¿Alma en huelga o alma viva?
300 _aVol.7, núm.9 (2006), Páginas 138-139
773 0 _tConquista Cristiana
942 _cANA
999 _c62220
_d62220